000 00804nam a22002657a 4500
001 BR8108755
003 BR-BrBNA
005 20230928091210.0
007 ta
008 230509b bl.||||| |||| 00| 0 por d
040 _aBR-BrBNA
_bpor
_cBiblioteca Nacional de Agricultura
041 _a(Por)
072 _aE14
_b/G514
090 _ E14 BR8108755
110 1 _aFundacao Estadual de Planejamento Agricola de Alagoas, Maceio (Brasil)
_94888
245 1 _aProjeto de desenvolvimento rural integrado da bacia leiteira de Alagoas. v. 3 - o projeto
260 3 _aMaceio, AL (Brasil):
_c1981.
300 _a232 p.
650 _aPROJETO DE DESENVOLVIMENTO
650 _aZONA RURAL
650 _aASSISTENCIA TECNICA
650 _aFINANCIAMENTO
909 _a202309
_bLucia
_c55
_dLucia Elande
942 _cBK
999 _c32778
_d32778